Quantity surveyors information. Note 32 (December 1990) - Note 40 (November 1992) (Record no. 96081)

MARC details
000 -LEADER
fixed length control field 00690cam a2200241 4500
001 - CONTROL NUMBER
control field J623
008 - FIXED-LENGTH DATA ELEMENTS--GENERAL INFORMATION
fixed length control field 090401t xxu||||| |||| 00| 0 eng d
035 ## - SYSTEM CONTROL NUMBER
System control number (Sirsi) u75828
041 ## - LANGUAGE CODE
Language code of text/sound track or separate title eng
050 ## - LIBRARY OF CONGRESS CALL NUMBER
Classification number 692.5
110 ## - MAIN ENTRY--CORPORATE NAME
Corporate name or jurisdiction name as entry element United Kingdom
Subordinate unit Property Services Agency
9 (RLIN) 1138
245 ## - TITLE STATEMENT
Title Quantity surveyors information. Note 32 (December 1990) - Note 40 (November 1992)
260 ## - PUBLICATION, DISTRIBUTION, ETC.
Place of publication, distribution, etc. Croydon
Name of publisher, distributor, etc. Property Services Agency
Date of publication, distribution, etc. 1990-92
300 ## - PHYSICAL DESCRIPTION
Extent 9 pt. ; 30cm.
350 ## - PRICE (NR) (BK AM CF MU VM SE) [OBSOLETE]
Price 0
650 ## - SUBJECT ADDED ENTRY--TOPICAL TERM
Topical term or geographic name entry element BUILT ENVIRONMENT-BUILDING COSTS
650 ## - SUBJECT ADDED ENTRY--TOPICAL TERM
Topical term or geographic name entry element INDICES
650 ## - SUBJECT ADDED ENTRY--TOPICAL TERM
Topical term or geographic name entry element BUILT ENVIRONMENT-QUANTITY SURVEYING
650 ## - SUBJECT ADDED ENTRY--TOPICAL TERM
Topical term or geographic name entry element STATISTICS
650 ## - SUBJECT ADDED ENTRY--TOPICAL TERM
Topical term or geographic name entry element TENDER PRICES
942 ## - ADDED ENTRY ELEMENTS (KOHA)
Suppress in OPAC 0
948 ## - LOCAL PROCESSING INFORMATION (OCLC); SERIES PART DESIGNATOR (RLIN)
c (OCLC) 04/03/1997
Holdings
Withdrawn status Lost status Source of classification or shelving scheme Damaged status Not for loan Home library Current library Shelving location Date acquired Total Checkouts Full call number Barcode Date last seen Copy number Price effective from Koha item type
    Dewey Decimal Classification     London London Enquiry desk 27/03/1992   ENQUIRY DESK 30032551 06/08/2019 1 06/08/2019 Reference material
    Dewey Decimal Classification     London London Enquiry desk 27/03/1992   ENQUIRY DESK 30032552 06/08/2019 2 06/08/2019 Reference material
    Dewey Decimal Classification     London London Enquiry desk 27/03/1992   ENQUIRY DESK 30032553 06/08/2019 3 06/08/2019 Reference material
    Dewey Decimal Classification     London London Enquiry desk 27/03/1992   ENQUIRY DESK 30032554 06/08/2019 4 06/08/2019 Reference material
    Dewey Decimal Classification     London London Enquiry desk 27/03/1992   ENQUIRY DESK 30032555 06/08/2019 5 06/08/2019 Reference material
    Dewey Decimal Classification     London London Enquiry desk 27/03/1992   ENQUIRY DESK 30032556 06/08/2019 6 06/08/2019 Reference material
    Dewey Decimal Classification     London London Enquiry desk 20/07/1992   ENQUIRY DESK 30033752 06/08/2019 7 06/08/2019 Reference material
    Dewey Decimal Classification     London London Enquiry desk 23/09/1992   ENQUIRY DESK 30033993 06/08/2019 8 06/08/2019 Reference material
    Dewey Decimal Classification     London London Enquiry desk 31/12/1992   ENQUIRY DESK 30037759 06/08/2019 9 06/08/2019 Reference material